Statistics for Hunter x Hunter Quiz

Click here to take the quiz!

General Stats

  • This quiz has been taken 41 times
  • The average score is 7 of 15

Answer Stats

HintAnswer% Correct
White Haired Side CharacterKillua Zoldyck
79%
Killua Has ___ Siblings4
74%
Color Of Kurta Eyes When MadRed
72%
There Are ___ Arcs In HxH9
67%
How Old Is Leorio19
64%
Brunette Side CharacterLeorio
62%
Main CharacterGon Freecss
51%
Blonde Side CharacterKurapika Kurta
49%
Kurapika's Badge Number404
41%
Gon's Badge Number405
41%
Killua's Badge Number99
41%
Leorio's Badge Number403
38%
How Old Is Bisky57
36%
Took Care Of MCMito Freecss
18%
Name Of Gon's PowerJajaken
8%

Score Distribution

Percentile by Number Answered

Percent of People with Each Score

Your Score History

You have not taken this quiz